| 000 | 00648nam a2200217 4500 | ||
|---|---|---|---|
| 003 | OSt | ||
| 005 | 20240606060647.0 | ||
| 006 | a | ||
| 008 | 240606b |||||||| |||| 00| 0 eng d | ||
| 020 | _a9789812617989 | ||
| 040 |
_aDWCl-HMN lib. _cOC |
||
| 082 | _aCirc. 641.5954 W758i 2005 | ||
| 100 | _aWinodan, Dhershini Govin | ||
| 245 | _aIndian : delightful ideas for everyday meals / | ||
| 260 |
_aSingapore : _bMarshall Cavendish Cuisine, _cc2005. |
||
| 300 |
_b119 pages : colored illustrations ; _c24 cm. |
||
| 504 | _aIncludes index. | ||
| 650 | _a1. Cookery, Indic. | ||
| 700 | _aDhershini Govin Winodan | ||
| 942 |
_2ddc _n0 _cBK-CIRC _kCirc. |
||
| 999 |
_c284 _d284 |
||